Cricket: Most Individual Career Test Sixes - Statistics

General Stats
  • This quiz has been taken 25 times
  • The average score is 16 of 22
Answer Stats
Country Years Innings 6s Answer % Correct
IND 1989-2013 329 69 Sachin Tendulkar
96%
WI 1990-2006 232 88 Brian Lara
91%
SA 1995-2013 280 97 Jacques Kallis
91%
AUS 1999-2008 137 101 Adam Gilchrist
87%
NZ 2004-2016 176 107 Brendon McCullum
87%
WI 2000-2014 182 98 Chris Gayle
87%
IND 2001-2013 180 91 Virender Sehwag
87%
AUS 1995-2012 287 73 Ricky Ponting
83%
SA 2004-2018 191 64 AB de Villiers
78%
PAK 2000-2017 213 70 Younis Khan
78%
ENG 2013-2021* 130 79 Ben Stokes
74%
AUS 1994-2009 184 82 Matthew Hayden
74%
IND 2005-2014 144 78 MS Dhoni
74%
WI 1974-1991 182 84 Sir Viv Richards
74%
ENG 1998-2009 130 82 Andrew Flintoff
65%
ENG 2005-2014 181 81 Kevin Pietersen
65%
PAK 2001-2017 132 81 Misbah-ul-Haq
61%
ENG 1977-1992 161 67 Lord Ian Botham
52%
WI 1974-1991 185 67 Gordon Greenidge
48%
WI 1966-1985 175 70 Sir Clive Lloyd
43%
NZ 2008-2021* 109 73 Tim Southee
43%
NZ 1989-2004 104 87 Chris Cairns
35%
No matching quizzes found
Score Distribution
Percent of People with Each Score
Percentile by Number Answered
Your Score History
You have not taken this quiz